Family and clan in North East India : (Record no. 9414)
[ view plain ]
| 000 -LEADER | |
|---|---|
| fixed length control field | 02387cam a2200481 i 4500 |
| 001 - CONTROL NUMBER | |
| control field | 18940514 |
| 003 - CONTROL NUMBER IDENTIFIER | |
| control field | GBCCL |
| 005 - DATE AND TIME OF LATEST TRANSACTION | |
| control field | 20241126110711.0 |
| 008 - FIXED-LENGTH DATA ELEMENTS--GENERAL INFORMATION | |
| fixed length control field | 150919s2015 ii b 101 0 eng d |
| 010 ## - | |
| -- | 2015357429 |
| 020 ## - INTERNATIONAL STANDARD BOOK NUMBER | |
| International Standard Book Number | 9788192606224 (paperback) |
| 020 ## - INTERNATIONAL STANDARD BOOK NUMBER | |
| International Standard Book Number | 8192606228 (paperback) |
| 025 ## - OVERSEAS ACQUISITION NUMBER | |
| Overseas acquisition number | I-E-2015357429 ; 68-15 ; 69-15 ; 13-90 |
| 035 ## - SYSTEM CONTROL NUMBER | |
| System control number | (OCoLC)ocn921830401 |
| 035 ## - SYSTEM CONTROL NUMBER | |
| System control number | (OCoLC)921830401 |
| 037 ## - SOURCE OF ACQUISITION | |
| Source of stock number/acquisition | Library of Congress -- New Delhi Overseas Office |
| 040 ## - CATALOGING SOURCE | |
| Original cataloging agency | DKAGE |
| Language of cataloging | eng |
| Transcribing agency | DKAGE |
| Description conventions | rda |
| Modifying agency | OCLCO |
| -- | OCLCF |
| -- | OCLCO |
| -- | DLC |
| 042 ## - | |
| -- | lccopycat |
| -- | lcode |
| 043 ## - | |
| -- | a-ii--- |
| 050 00 - | |
| -- | GN635.I4 |
| -- | S4227 2014 |
| 082 04 - DEWEY DECIMAL CLASSIFICATION NUMBER | |
| Classification number | 305.8009541 |
| Edition information | 23 |
| Item number | FAM |
| 111 2# - | |
| -- | Seminar on Family and Clan in Tribal Societies of North East India |
| -- | (2014 : |
| -- | Gauhati, India) |
| -- | 16406 |
| 245 10 - TITLE STATEMENT | |
| Title | Family and clan in North East India : |
| Remainder of title | reflections by Christian scholars / |
| Statement of responsibility, etc. | editors, Alphonsus D'Souza, Lalnghakthuami, Pangernungba Kechu. |
| 264 #1 - PRODUCTION, PUBLICATION, DISTRIBUTION, MANUFACTURE, AND COPYRIGHT NOTICE | |
| Place of production, publication, distribution, manufacture | Guwahati : |
| Name of producer, publisher, distributor, manufacturer | North Eastern Social Research Centre, |
| Date of production, publication, distribution, manufacture, or copyright notice | 2015. |
| 300 ## - PHYSICAL DESCRIPTION | |
| Extent | xix, 292 pages ; |
| Dimensions | 22 cm |
| 336 ## - CONTENT TYPE | |
| Content type term | text |
| Content type code | txt |
| Source | rdacontent |
| 337 ## - MEDIA TYPE | |
| Media type term | unmediated |
| Media type code | n |
| Source | rdamedia |
| 338 ## - CARRIER TYPE | |
| Carrier type term | volume |
| Carrier type code | nc |
| Source | rdacarrier |
| 504 ## - BIBLIOGRAPHY, ETC. NOTE | |
| Bibliography, etc. note | Includes bibliographical references and index. |
| 520 ## - SUMMARY, ETC. | |
| Summary, etc. | Contributed articles presented at the Seminar on Family and Clan in Tribal Societies of North East India, jointly organised by North Eastern Social Research Centre, Guwahati and Tribal Study Centre, Eastern Theological Centre, Jorhat, India, held during 26-27 June 2014, at Guwahati, India. |
| 650 #0 - SUBJECT ADDED ENTRY--TOPICAL TERM | |
| Topical term or geographic name entry element | Clans |
| Geographic subdivision | India, Northeastern |
| Form subdivision | Congresses. |
| 9 (RLIN) | 16407 |
| 650 #0 - SUBJECT ADDED ENTRY--TOPICAL TERM | |
| Topical term or geographic name entry element | Christianity |
| Geographic subdivision | India, Northeastern |
| Form subdivision | Congresses. |
| 9 (RLIN) | 12137 |
| 651 #0 - SUBJECT ADDED ENTRY--GEOGRAPHIC NAME | |
| Geographic name | India, Northeastern |
| General subdivision | Scheduled tribes |
| -- | Religion |
| Form subdivision | Congresses. |
| 9 (RLIN) | 16408 |
| 651 #0 - SUBJECT ADDED ENTRY--GEOGRAPHIC NAME | |
| Geographic name | India, Northeastern |
| General subdivision | Scheduled tribes |
| -- | Social life and customs |
| Form subdivision | Congresses. |
| 9 (RLIN) | 16409 |
| 700 1# - ADDED ENTRY--PERSONAL NAME | |
| Personal name | D'Souza, Alphonsus, |
| Relator term | editor. |
| 9 (RLIN) | 16410 |
| 700 0# - ADDED ENTRY--PERSONAL NAME | |
| Personal name | Lalnghakthuami, |
| Relator term | editor. |
| 9 (RLIN) | 16411 |
| 700 1# - ADDED ENTRY--PERSONAL NAME | |
| Personal name | Kechu, Pangernungba, |
| Relator term | editor. |
| 9 (RLIN) | 16412 |
| 710 2# - ADDED ENTRY--CORPORATE NAME | |
| Corporate name or jurisdiction name as entry element | North-Eastern Social Research Centre (Gauhati, India), |
| Relator term | host institution, |
| -- | issuing body. |
| 9 (RLIN) | 16413 |
| 710 2# - ADDED ENTRY--CORPORATE NAME | |
| Corporate name or jurisdiction name as entry element | Eastern Theological College (Jōrhat, India). |
| Subordinate unit | Tribal Study Centre, |
| Relator term | host institution. |
| 9 (RLIN) | 16414 |
| 906 ## - LOCAL DATA ELEMENT F, LDF (RLIN) | |
| a | 7 |
| b | cbc |
| c | copycat |
| d | 3 |
| e | ncip |
| f | 20 |
| g | y-gencatlg |
| 942 ## - ADDED ENTRY ELEMENTS (KOHA) | |
| Source of classification or shelving scheme | Dewey Decimal Classification |
| Koha item type | Books |
| Koha issues (borrowed), all copies | 6 |
| Withdrawn status | Lost status | Source of classification or shelving scheme | Damaged status | Not for loan | Home library | Current Library | Shelving location | Date acquired | Total checkouts | Full call number | Barcode | Date last seen | Date last checked out | Copy number | Price effective from | Koha item type | Total renewals |
|---|---|---|---|---|---|---|---|---|---|---|---|---|---|---|---|---|---|
| Dewey Decimal Classification | GRACE BIBLE COLLEGE | GRACE BIBLE COLLEGE | North East Collection | 2022-11-28 | 5 | 305.8009541 FAM | 015885 | 2025-05-01 | 2024-02-13 | c.1 | 2022-11-28 | Books | |||||
| Dewey Decimal Classification | GRACE BIBLE COLLEGE | GRACE BIBLE COLLEGE | North East Collection | 2022-11-28 | 1 | 305.8009541 FAM | 015886 | 2025-05-01 | 2024-02-26 | c.2 | 2022-11-28 | Books | 1 |